[Event "Challenge"]
[Site "http://www.queenalice.com/game.php?id=583700"]
[Date "2009.5.5"]
[Round "-"]
[White "gsiqueira"]
[Black "aeciocoracaodepedra"]
[Result "0-1"]
[WhiteElo "1614"]
[BlackElo "1371"]

1. e4 e5 2. Nf3 Bd6 3. Nc3 Nf6 4. d3 Bc5 5. Be3 Bxe3 6. fxe3 d6 7. Be2 O-O 8.
Qd2 Nc6 9. O-O Ng4 10. h3 Nh6 0-1

[Event "AUTO-INT-1305"]
[Site "http://www.queenalice.com/game.php?id=587018"]
[Date "2009.5.12"]
[Round "1"]
[White "edlincoln"]
[Black "gsiqueira"]
[Result "1-0"]
[WhiteElo "1689"]
[BlackElo "1580"]

1. e4 e5 2. Nf3 d6 3. d4 f6 4. d5 f5 5. Nc3 f4 6. Be2 a6 7. b3 Nf6 8. Bb2 Be7 9.
Qd2 Bd7 10. O-O-O c6 11. g3 c5 12. h4 b5 13. gxf4 b4 14. Nb1 Nxe4 15. Qe1 Qa5
16. Rg1 Qxa2 17. fxe5 dxe5 18. Nxe5 Bd6 19. Nxd7 Nxd7 20. f3 Bf4+ 21. Nd2 Nxd2
22. Rxd2 O-O 23. Rxg7+ 1-0

[Event "AUTO-INT-1305"]
[Site "http://www.queenalice.com/game.php?id=587019"]
[Date "2009.5.12"]
[Round "1"]
[White "gsiqueira"]
[Black "edlincoln"]
[Result "0-1"]
[WhiteElo "1568"]
[BlackElo "1701"]

1. e4 e5 2. Nf3 Nc6 3. Nc3 Nf6 4. d3 Bc5 5. Be3 Bxe3 6. fxe3 d6 7. h3 O-O 8. Qd2
Be6 9. Qf2 a6 10. Be2 b5 11. Ng5 h6 12. Nxe6 fxe6 13. Qg3 Qe7 14. O-O-O Nb4 15.
a3 c5 16. axb4 cxb4 17. Na2 b3 18. cxb3 Qc7+ 19. Kb1 Rac8 20. Nb4 a5 21. Rc1 Qd7
22. Na2 a4 23. b4 Rxc1+ 0-1

[Event "AUTO-INT-1305"]
[Site "http://www.queenalice.com/game.php?id=587032"]
[Date "2009.5.12"]
[Round "1"]
[White "gsiqueira"]
[Black "Nias"]
[Result "0-1"]
[WhiteElo "1543"]
[BlackElo "1629"]

1. e4 e5 2. Nf3 Qf6 3. Nc3 c6 4. Bc4 g5 5. g4 Bc5 6. d3 h6 7. Na4 Be7 8. Be3 b5
9. Nc5 bxc4 10. dxc4 Na6 11. Nxa6 Bxa6 0-1

[Event "AUTO-INT-1305"]
[Site "http://www.queenalice.com/game.php?id=587033"]
[Date "2009.5.12"]
[Round "1"]
[White "Nias"]
[Black "gsiqueira"]
[Result "1-0"]
[WhiteElo "1615"]
[BlackElo "1557"]

1. e4 e5 2. a3 Nf6 3. Qf3 Nc6 4. c3 Na5 5. Ra2 d5 6. d3 Nb3 7. Bg5 h6 8. Bxf6
gxf6 9. exd5 c5 10. dxc6 bxc6 11. Nd2 1-0

[Event "AUTO-INT-1305"]
[Site "http://www.queenalice.com/game.php?id=587034"]
[Date "2009.5.12"]
[Round "1"]
[White "gsiqueira"]
[Black "aureliano"]
[Result "1-0"]
[WhiteElo "1600"]
[BlackElo "1619"]

1. e4 e5 2. Nf3 Bd6 3. Nc3 h5 4. d3 a5 5. Be3 Ne7 6. Qd2 c5 7. Be2 Qb6 8. O-O
Qxb2 9. Rab1 Qa3 10. Rb3 Qxb3 11. cxb3 Nbc6 12. Nb5 Bb8 13. Bxc5 Ng6 14. g3 b6
15. Bxb6 O-O 16. Rc1 a4 17. b4 a3 18. d4 Ra4 19. Bc5 Rd8 20. d5 Nce7 21. Nc3 Ra8
22. Qc2 d6 23. Bb6 Re8 24. Ng5 h4 25. Rf1 h3 26. Bb5 Rf8 27. Qe2 f6 28. Ne6 Kf7
29. Nxf8 Nxf8 30. Qf3 g5 31. g4 Neg6 32. Bd8 Ba7 33. Qxf6+ Kg8 34. Be8 Kh7 35.
Bxg6+ Nxg6 36. Qxg5 Bd7 37. Bf6 Be8 38. Qh5+ Kg8 39. Nb5 Bb8 40. Rc1 Kf7 41. g5
Bxb5 42. Qh7+ Kf8 43. Rc8+ Be8 44. Qg7# 1-0

[Event "AUTO-INT-1305"]
[Site "http://www.queenalice.com/game.php?id=587035"]
[Date "2009.5.12"]
[Round "1"]
[White "aureliano"]
[Black "gsiqueira"]
[Result "1-0"]
[WhiteElo "1601"]
[BlackElo "1617"]

1. a4 e5 2. e4 Nf6 3. Bd3 Bd6 4. Nc3 c6 5. Qf3 Rf8 6. Qg3 Qb6 7. Qxg7 Be7 8. Nf3
Qc5 9. b3 b5 10. Be2 b4 11. Na2 Qxc2 12. O-O d5 13. Nxe5 Qxe4 14. Nf3 Qxe2 15.
Re1 Qa6 16. d3 Bh3 17. Qh6 Bg4 18. Ne5 Be6 19. Be3 Nbd7 20. d4 Ng4 21. Qxh7
Ndxe5 22. dxe5 Nxe5 23. Nc1 Bf6 24. Ne2 Rh8 25. Qc2 Ke7 26. Rad1 Qc8 27. Qc5+
Kd7 28. Rc1 Nd3 29. Qc2 Nxe1 30. Rxe1 Qg8 31. g3 Bh3 32. Bf4 Re8 33. Qc5 Re6 34.
Rc1 Qc8 35. Qxa7+ Ke8 36. Nd4 Bxd4 37. Qxd4 Re4 38. Qxh8+ Kd7 39. Qxh3+ Kd8 40.
Bg5+ Kc7 41. Qh6 Re6 42. Qh7 Qd7 43. Bf4+ Kb7 44. Qh8 Re8 45. Qd4 Re4 46. Qc5 d4
47. Qf8 Re8 48. Qc5 d3 49. a5 Ka8 50. a6 d2 51. Bxd2 Qxd2 52. Rf1 Qd8 53. Qxc6+
Kb8 54. Qb7# 1-0

[Event "Challenge"]
[Site "http://www.queenalice.com/game.php?id=588553"]
[Date "2009.5.15"]
[Round "-"]
[White "benjobench"]
[Black "gsiqueira"]
[Result "1-0"]
[WhiteElo "1612"]
[BlackElo "1652"]

1. c4 e5 2. Nc3 Nc6 3. d3 Nf6 4. e4 Nd4 5. Nf3 Bc5 6. Nxe5 Qe7 7. Nf3 d6 8. Nxd4
Bxd4 9. Be2 c6 10. Bf4 g6 11. Qa4 Bd7 12. Qb3 Rb8 13. Qa3 Bc5 14. Qa4 O-O 15.
Nd1 a6 16. Qc2 Bd4 17. Rb1 Ng4 18. Bxg4 Bxg4 19. f3 Bxf3 20. gxf3 Qh4+ 21. Bg3
Qh5 22. Qg2 Rbd8 23. Nf2 d5 24. cxd5 cxd5 25. O-O f5 26. Kh1 f4 27. Nh3 g5 28.
Bxf4 Rxf4 29. Nxf4 Qh6 30. Nxd5 Kh8 31. Rbc1 Rg8 32. Rc7 g4 33. fxg4 b5 34. g5
Qd6 35. Qh3 Rg7 36. Rxg7 Bxg7 37. Qc8+ Bf8 38. Rxf8+ Kg7 39. Rg8+ Kf7 40. Qe8#
1-0

[Event "AUTO-OPEN-1568"]
[Site "http://www.queenalice.com/game.php?id=593790"]
[Date "2009.5.26"]
[Round "1"]
[White "limovsksan"]
[Black "gsiqueira"]
[Result "1-0"]
[WhiteElo "1721"]
[BlackElo "1643"]

1. e4 e5 2. Nf3 d6 3. d4 a6 4. dxe5 dxe5 5. Qxd8+ Kxd8 6. Nxe5 Ke8 7. Bc4 Be6 8.
Bxe6 fxe6 9. O-O Bd6 10. Nc4 b5 11. Nxd6+ cxd6 12. Rd1 Nf6 13. Bg5 Nxe4 14. Be3
Rf8 15. Nd2 Nf6 16. Nf3 d5 17. Bc5 Nbd7 18. Bxf8 1-0

[Event "AUTO-OPEN-1568"]
[Site "http://www.queenalice.com/game.php?id=593791"]
[Date "2009.5.26"]
[Round "1"]
[White "gsiqueira"]
[Black "limovsksan"]
[Result "0-1"]
[WhiteElo "1630"]
[BlackElo "1734"]

1. e4 e5 2. Nc3 Nf6 3. d3 Bb4 4. Nf3 Bxc3+ 5. bxc3 h6 6. Nxe5 d6 7. Nf3 Bg4 8.
h3 Bxf3 9. Qxf3 Nc6 10. Rb1 Ne5 11. Qg3 Nh5 12. Qe3 b6 13. f4 Qh4+ 14. Qf2 Qxf2+
15. Kxf2 Nd7 16. Rb5 c5 17. g4 Nhf6 18. Ba3 O-O 0-1

[Event "AUTO-OPEN-1568"]
[Site "http://www.queenalice.com/game.php?id=593808"]
[Date "2009.5.26"]
[Round "1"]
[White "amor29052008"]
[Black "gsiqueira"]
[Result "1-0"]
[WhiteElo "1843"]
[BlackElo "1643"]

1. d4 d5 2. c4 dxc4 3. Nc3 e6 4. e3 a6 5. Bxc4 Nf6 6. Nf3 b5 7. Bd3 Nc6 8. O-O
Bd6 9. a4 b4 10. Na2 Rb8 11. Bd2 a5 12. Rc1 b3 13. Nc3 Nb4 14. Bb5+ c6 15. Be2
Na2 16. Nxa2 bxa2 17. Bc3 Qb6 18. Ra1 Qb3 19. Qxb3 Rxb3 20. Rxa2 O-O 21. Bxa5
Ne4 22. Nd2 Nxd2 23. Bxd2 f5 24. Bc3 Rf6 25. a5 Rh6 26. a6 Bxh2+ 27. Kh1 Rb8 28.
g3 Ra8 29. Kg2 c5 30. Rh1 e5 31. Rxh2 Bxa6 32. Rxh6 gxh6 33. Rxa6 Rxa6 34. Bxa6
e4 35. dxc5 h5 36. c6 Kf8 37. c7 Ke7 38. c8=Q Kd6 39. Bb4+ Kd5 40. Bc4+ Ke5 41.
Qe6# 1-0

[Event "AUTO-OPEN-1568"]
[Site "http://www.queenalice.com/game.php?id=593809"]
[Date "2009.5.26"]
[Round "1"]
[White "gsiqueira"]
[Black "amor29052008"]
[Result "0-1"]
[WhiteElo "1649"]
[BlackElo "1600"]

1. e4 c5 2. f4 e6 3. c4 d6 4. d3 Be7 5. Qg4 g6 6. g3 e5 7. Nc3 Bxg4 8. Nd5 Qa5+
9. Bd2 Qd8 10. h3 Be6 11. Nc3 Qb6 12. f5 gxf5 13. exf5 Bxf5 14. Nd5 Qd8 15. Nf3
Nc6 16. Nh4 Bxh4 17. gxh4 Qxh4+ 18. Kd1 Kd7 19. Be1 Bg4+ 20. Be2 Bxe2+ 21. Kxe2
Nd4+ 22. Kd1 Qh5+ 23. Kc1 Qe2 24. Bd2 Qxd3 25. Ne3 Nf6 26. Rd1 Ne2# 0-1